[Event "III Open"]
[Site "Crema ITA"]
[Date "2001.09.09"]
[Round "6"]
[White "Bellani, Alessandro"]
[Black "Brunello, Sabino"]
[Result "1/2-1/2"]
[WhiteElo "1684"]
[BlackElo "1600"]
[PlyCount "84"]
[EventDate "2001.09.07"]

1. d4 d5 2. e3 e6 3. Bd3 Nf6 4. f4 Nbd7 5. Nf3 b6 6. O-O Bb7 7. Nbd2 c5 8. c3
Be7 9. Ne5 O-O 10. Qf3 Qc7 11. g4 g6 12. Qh3 Ne8 13. Ndf3 f5 14. g5 Nxe5 15.
Nxe5 Bd6 16. Bd2 Ng7 17. a4 a6 18. Be2 Bc6 19. Nxc6 Qxc6 20. Qg2 c4 21. Rfb1
Qc7 22. b3 b5 23. Be1 Rfb8 24. b4 bxa4 25. Rxa4 a5 26. Rba1 Rb5 27. Bd1 Qd8 28.
Rxa5 Rbxa5 29. Rxa5 Rxa5 30. bxa5 Qxa5 31. Qb2 Qa7 32. Bd2 Kf7 33. Kf2 Ne8 34.
Ke1 Ba3 35. Qb5 Be7 36. Ba4 Nd6 37. Qc6 Qb7 38. Qxb7 Nxb7 39. Bc1 Nd6 40. Kd1
Ne4 41. Kc2 Bd6 42. Bc6 Be7 1/2-1/2

[Event "III Open"]
[Site "Crema ITA"]
[Date "2001.09.09"]
[Round "6"]
[White "Bison, Beniamino"]
[Black "Tencati, Giuseppe"]
[Result "1/2-1/2"]
[WhiteElo "1932"]
[BlackElo "2099"]
[PlyCount "31"]
[EventDate "2001.09.07"]

1. d4 d5 2. c4 c6 3. Nf3 e6 4. e3 Nf6 5. Nc3 a6 6. Qc2 Nbd7 7. b3 b5 8. Bd3 Bb7
9. O-O Be7 10. Rd1 O-O 11. a3 Qc7 12. Bb2 Rac8 13. Rac1 Qb8 14. Qe2 Rfd8 15.
Rc2 Qa8 16. Rcd2 1/2-1/2

[Event "III Open"]
[Site "Crema ITA"]
[Date "2001.09.09"]
[Round "6"]
[White "Bonade', Massimo"]
[Black "Casartelli, Fabio"]
[Result "1-0"]
[WhiteElo "1798"]
[BlackElo "1675"]
[PlyCount "43"]
[EventDate "2001.09.07"]

1. d4 Nf6 2. c4 e6 3. Nc3 d5 4. Bg5 Nbd7 5. Nf3 Be7 6. e3 O-O 7. Rc1 a6 8. cxd5
Nxd5 9. Bxe7 Nxe7 10. Bd3 c6 11. O-O Ng6 12. Re1 Re8 13. e4 e5 14. d5 Nb8 15.
Qb3 Nf4 16. Bf1 b5 17. Red1 Qf6 18. Ne2 Nxe2+ 19. Bxe2 cxd5 20. Qxd5 Ra7 21.
Qc5 Rd7 22. Qxc8 1-0

[Event "III Open"]
[Site "Crema ITA"]
[Date "2001.09.09"]
[Round "6"]
[White "Capata, Ion"]
[Black "Pagnoncelli, Marco"]
[Result "1/2-1/2"]
[WhiteElo "1948"]
[BlackElo "2064"]
[PlyCount "119"]
[EventDate "2001.09.07"]

1. e4 c5 2. c3 d5 3. exd5 Qxd5 4. d4 Nf6 5. Nf3 Bg4 6. Be2 e6 7. h3 Bh5 8. O-O
Nc6 9. Be3 cxd4 10. cxd4 Be7 11. Nc3 Qa5 12. a3 Rc8 13. b4 Qd8 14. Qb3 O-O 15.
Rfd1 Nd5 16. Nxd5 Qxd5 17. Qxd5 exd5 18. g4 Bg6 19. Ne5 Rfd8 20. Nxg6 hxg6 21.
Bf3 a6 22. Rab1 Na7 23. Rdc1 Rxc1+ 24. Rxc1 Rd7 25. Rb1 Nc6 26. Kf1 Kf8 27. Ke2
Ke8 28. Kd3 Kd8 29. g5 f5 30. gxf6 gxf6 31. Rg1 g5 32. h4 Kc7 33. hxg5 fxg5 34.
Bxg5 Bxg5 35. Rxg5 Ne7 36. Re5 Ng6 37. Rg5 Ne7 38. Ke3 Rd6 39. Re5 Kd8 40. Bg2
b6 41. f4 Ke8 42. f5 Kf7 43. Kf4 Kf6 44. Bh3 Nc6 45. Bg2 Nxd4 46. Bxd5 Nc2 47.
Bb7 b5 48. Re8 Nxa3 49. Rf8+ Ke7 50. Ra8 Kf6 51. Rf8+ Ke7 52. Rh8 Nc2 53. Ke5
Rd1 54. f6+ Kf7 55. Bd5+ Rxd5+ 56. Kxd5 Nxb4+ 57. Ke5 Nc6+ 58. Kf4 Nd4 59. Ke5
Nc6+ 60. Kf5 1/2-1/2

[Event "III Open"]
[Site "Crema ITA"]
[Date "2001.09.09"]
[Round "6"]
[White "Cortese, Davide"]
[Black "Bosi, Roberto"]
[Result "1-0"]
[WhiteElo "1527"]
[BlackElo "1434"]
[PlyCount "90"]
[EventDate "2001.09.07"]

1. d4 Nf6 2. c4 c5 3. Nf3 g6 4. Nc3 Bg7 5. e3 Nc6 6. d5 Nb4 7. a3 Na6 8. Be2 d6
9. O-O O-O 10. h3 Bd7 11. Rb1 Nc7 12. Qc2 a6 13. b3 b5 14. Bb2 Ra7 15. Nd2 Qa8
16. f4 Re8 17. Bd3 e6 18. e4 Nh5 19. Ne2 exd5 20. exd5 Rxe2 21. Bxe2 Ng3 22.
Rfe1 Nxe2+ 23. Rxe2 Bf5 24. Ne4 Ne8 25. Bxg7 Kxg7 26. Qb2+ Kg8 27. g4 Bxe4 28.
Rxe4 Qd8 29. Rbe1 Nf6 30. R4e3 Kg7 31. g5 Rb7 32. Qxf6+ Qxf6 33. gxf6+ Kxf6 34.
Kf2 bxc4 35. bxc4 Kf5 36. Kf3 h5 37. Re7 Rb3+ 38. R1e3 Rxe3+ 39. Kxe3 g5 40.
fxg5 Kxg5 41. Rxf7 Kh4 42. Kf3 a5 43. Rf6 a4 44. Rxd6 Kxh3 45. Rh6 Kh4 1-0

[Event "III Open"]
[Site "Crema ITA"]
[Date "2001.09.09"]
[Round "6"]
[White "Di Giovanni, Isidoro"]
[Black "Cappa, Enrico"]
[Result "0-1"]
[WhiteElo "1540"]
[BlackElo "1470"]
[PlyCount "105"]
[EventDate "2001.09.07"]

1. e4 e5 2. f4 d5 3. exd5 e4 4. d3 Nf6 5. dxe4 Nxe4 6. Nf3 Bc5 7. Qe2 Qe7 8.
Nc3 Nxc3 9. Qxe7+ Kxe7 10. bxc3 Re8 11. Bb2 Kf8+ 12. Kd1 Bg4 13. Be2 Nd7 14. h3
Bf5 15. Bb5 Re7 16. Bd3 Bxd3 17. cxd3 Re3 18. d4 Bb6 19. Kd2 Ree8 20. Rhe1 Nf6
21. c4 Ba5+ 22. Bc3 Ne4+ 23. Rxe4 Bxc3+ 24. Kxc3 Rxe4 25. f5 Rf4 26. Rb1 b6 27.
c5 Rxf5 28. Ne5 bxc5 29. Nd7+ Kg8 30. Nxc5 Rxd5 31. Kc4 Rg5 32. Rb2 c6 33. Rb7
h5 34. Rc7 Rxg2 35. Rxc6 Rd8 36. d5 Rd2 37. Nd3 Rc2+ 38. Kb4 Rb8+ 39. Ka3 Rxc6
40. dxc6 Rc8 41. Nb4 g5 42. Ka4 g4 43. hxg4 hxg4 44. Kb5 g3 45. Nd5 a6+ 46. Kb6
Rxc6+ 47. Kxc6 g2 48. Kb7 a5 49. Ka6 g1=Q 50. a4 Qc5 51. Nf6+ Kh8 52. Nd7 Qd6+
53. Nb6 0-1

[Event "III Open"]
[Site "Crema ITA"]
[Date "2001.09.09"]
[Round "6"]
[White "Drei, Andrea"]
[Black "Petrini, Roberto"]
[Result "1-0"]
[WhiteElo "2269"]
[BlackElo "1828"]
[PlyCount "105"]
[EventDate "2001.09.07"]

1. e4 e5 2. Nf3 Nc6 3. d4 exd4 4. Nxd4 Bc5 5. Nxc6 Qf6 6. Qd2 bxc6 7. Bd3 Ne7
8. O-O O-O 9. Nc3 d5 10. Qf4 Bd4 11. Qg3 Bxc3 12. Bg5 Be5 13. Qh4 Ng6 14. Bxf6
Nxh4 15. Bxe5 Re8 16. Bg3 dxe4 17. Rfe1 Bf5 18. Ba6 Ng6 19. Bb7 Rad8 20. Bxc6
Re6 21. Ba4 Re7 22. Rad1 Rc8 23. Bc6 h5 24. Rd5 Bg4 25. h3 h4 26. Bxh4 Nxh4 27.
hxg4 g6 28. Ra5 f5 29. Rxa7 Rd8 30. Ra8 Rxa8 31. Bxa8 Rd7 32. Re2 Kg7 33. a4
Rd6 34. b3 Kf6 35. gxf5 gxf5 36. f3 exf3 37. Bxf3 Nxf3+ 38. gxf3 Kg5 39. Kf2
Kf4 40. a5 Rh6 41. b4 Rh2+ 42. Ke1 Rh1+ 43. Kd2 Ra1 44. Re3 c5 45. bxc5 Rxa5
46. Rc3 Ra7 47. c6 Rc7 48. Ke2 Ke5 49. Kd3 Kd5 50. f4 Kd6 51. Kd4 Ke6 52. Kc5
Ke7 53. Kb6 1-0

[Event "III Open"]
[Site "Crema ITA"]
[Date "2001.09.09"]
[Round "6"]
[White "Festa, Samuele"]
[Black "Libutti, Michele"]
[Result "1-0"]
[WhiteElo "1642"]
[BlackElo "1618"]
[PlyCount "55"]
[EventDate "2001.09.07"]

1. e4 c6 2. d4 d5 3. exd5 cxd5 4. Bd3 Nc6 5. c3 Nf6 6. Bf4 e6 7. Nf3 Bd6 8.
Bxd6 Qxd6 9. O-O O-O 10. Re1 a6 11. Nbd2 Bd7 12. Ne5 Rfc8 13. f4 Ne7 14. Ndf3
b5 15. a3 Be8 16. Qe2 Ng6 17. Nxg6 hxg6 18. Ne5 Bd7 19. Qf2 Re8 20. Qh4 Nh5 21.
Rf1 Qe7 22. Qh3 Nf6 23. Bxg6 fxg6 24. Nxg6 Qd6 25. Qh8+ Kf7 26. Ne5+ Ke7 27.
Qxg7+ Kd8 28. Nf7+ 1-0

[Event "III Open"]
[Site "Crema ITA"]
[Date "2001.09.09"]
[Round "6"]
[White "Giretti Kanev, Jasen"]
[Black "Bonazzi, Edoardo"]
[Result "1/2-1/2"]
[WhiteElo "2178"]
[BlackElo "2108"]
[PlyCount "20"]
[EventDate "2001.09.07"]

1. e4 Nf6 2. e5 Nd5 3. c4 Nb6 4. c5 Nd5 5. Bc4 c6 6. Qf3 e6 7. d4 b6 8. Nh3 Ba6
9. Ng5 f6 10. exf6 Qxf6 1/2-1/2

[Event "III Open"]
[Site "Crema ITA"]
[Date "2001.09.09"]
[Round "6"]
[White "Leoni, Fabrizio"]
[Black "Poletti, Fausto"]
[Result "1-0"]
[WhiteElo "2097"]
[BlackElo "1797"]
[PlyCount "111"]
[EventDate "2001.09.07"]

1. d4 Nf6 2. c4 d6 3. Nc3 Nbd7 4. e4 e5 5. d5 Be7 6. Nf3 O-O 7. Be2 Nc5 8. Qc2
a5 9. O-O Ne8 10. Be3 b6 11. b3 f5 12. exf5 Bxf5 13. Qd2 Nf6 14. Qc1 Nfd7 15.
Qd1 Bf6 16. a3 Ne4 17. Nxe4 Bxe4 18. Nd2 Bg6 19. Bh5 Bf5 20. Bg4 g6 21. Bh6 Bg7
22. Bxg7 Kxg7 23. Be2 Nc5 24. b4 Nb7 25. Qb3 Qf6 26. Qc3 g5 27. Bd3 Bxd3 28.
Qxd3 Qf4 29. Ne4 h6 30. Ng3 Qf7 31. Qe2 Qg6 32. Rfd1 Kh7 33. Ne4 Rf4 34. Nc3
Raf8 35. Rf1 R8f7 36. Rae1 Rd4 37. Rd1 Rdf4 38. f3 Rf8 39. Nb5 R8f7 40. g3 R4f5
41. Kg2 Kg7 42. Rc1 Kh7 43. Nc3 Rf8 44. Ne4 R5f7 45. c5 dxc5 46. bxc5 bxc5 47.
Nxc5 Nxc5 48. Rxc5 Qb6 49. Rc6 Qb3 50. Qe4+ Kg8 51. Rg6+ Rg7 52. Rxg7+ Kxg7 53.
Qxe5+ Kg8 54. Qe6+ Kg7 55. Qe7+ Rf7 56. Qc5 1-0

[Event "III Open"]
[Site "Crema ITA"]
[Date "2001.09.09"]
[Round "6"]
[White "Manzoni, Alessandro"]
[Black "Mussap, Angelo"]
[Result "0-1"]
[WhiteElo "2053"]
[BlackElo "1825"]
[PlyCount "121"]
[EventDate "2001.09.07"]

1. e4 c5 2. Nc3 Nc6 3. g3 g6 4. Bg2 Bg7 5. Nge2 d6 6. d3 Nf6 7. f4 Bg4 8. h3
Bd7 9. O-O Qc8 10. Kh2 O-O 11. g4 a6 12. Ng3 Rb8 13. f5 Ne8 14. Nd5 Qd8 15. c3
Nc7 16. Nb6 Ne8 17. Nxd7 Qxd7 18. Be3 Be5 19. d4 cxd4 20. cxd4 Bxg3+ 21. Kxg3
f6 22. Qb3+ Kg7 23. Rac1 Nc7 24. d5 Nd8 25. Rc2 b5 26. Rfc1 Na8 27. Bd2 Nf7 28.
Rc6 Ne5 29. Rxa6 Qb7 30. Qa3 Nc4 31. Rxc4 bxc4 32. Ra7 Qxb2 33. Rxe7+ Rf7 34.
Qxd6 Rb7 35. Rxb7 Rxb7 36. g5 Qe5+ 37. Qxe5 fxe5 38. f6+ Kf7 39. Bc3 Nb6 40.
Bxe5 Na4 41. Bf4 Nc3 42. e5 Ne2+ 43. Kf3 Nxf4 44. Kxf4 c3 45. e6+ Kf8 46. e7+
Ke8 47. Ke3 Rc7 48. Bf1 Rc5 49. Bd3 c2 50. Bxc2 Rxc2 51. a4 Rc4 52. a5 Ra4 53.
a6 Rxa6 54. Kd4 Kd7 55. Ke5 Ra1 56. d6 Ra5+ 57. Ke4 Ke8 58. Kd4 h6 59. gxh6 Rh5
60. Ke4 Rxh6 61. Kf4 0-1

[Event "III Open"]
[Site "Crema ITA"]
[Date "2001.09.09"]
[Round "6"]
[White "Masotti, Roberto"]
[Black "Miatello, Alberto"]
[Result "0-1"]
[WhiteElo "1639"]
[BlackElo "1845"]
[PlyCount "82"]
[EventDate "2001.09.07"]

1. Nf3 Nf6 2. c4 g6 3. Nc3 Bg7 4. e4 d6 5. d4 O-O 6. Be2 e5 7. Be3 Nbd7 8. d5
Ng4 9. Bg5 f6 10. Bh4 Nh6 11. Nd2 g5 12. Bg3 f5 13. f3 f4 14. Bf2 Nf6 15. c5
Nf7 16. Nc4 h5 17. cxd6 cxd6 18. Rc1 Bd7 19. a4 b6 20. Qb3 Qe7 21. Na3 Rfc8 22.
Ba6 Rd8 23. Ncb5 Ne8 24. O-O g4 25. fxg4 hxg4 26. Nc3 Qg5 27. g3 Nf6 28. Bb7
Rab8 29. Bc6 Qh5 30. Kh1 Ng5 31. gxf4 exf4 32. Bg1 f3 33. Bf2 Nfxe4 34. Nxe4
Nxe4 35. Qe3 Qh3 36. Rg1 Be5 37. Bg3 Bxg3 38. Rc2 Bf5 39. Nb5 f2 40. Rg2 f1=Q+
41. Rg1 Qf3+ 0-1

[Event "III Open"]
[Site "Crema ITA"]
[Date "2001.09.09"]
[Round "6"]
[White "Pinotti, Claudio"]
[Black "Montani, Francesco"]
[Result "0-1"]
[WhiteElo "1810"]
[BlackElo "2167"]
[PlyCount "72"]
[EventDate "2001.09.07"]

1. e4 c5 2. Nf3 e6 3. c3 d5 4. exd5 Qxd5 5. d4 Nf6 6. Bd3 Nc6 7. O-O Qh5 8. Be2
Qd5 9. c4 Qd8 10. dxc5 Qxd1 11. Rxd1 Bxc5 12. Nc3 Ke7 13. Bg5 h6 14. Bxf6+ gxf6
15. Ne4 Bb6 16. c5 Bc7 17. Nd6 Rd8 18. Nb5 Be5 19. Nxe5 Rxd1+ 20. Rxd1 fxe5 21.
b3 a6 22. Nd6 Nd4 23. Kf1 Rb8 24. Nc4 f6 25. Nb6 Bd7 26. Nxd7 Kxd7 27. b4 Kc6
28. Rc1 a5 29. b5+ Nxb5 30. Bf3+ Kc7 31. g3 Nd4 32. Bg2 Rd8 33. Rb1 Nc6 34. Rb5
Rd1+ 35. Ke2 Ra1 36. Bxc6 Rxa2+ 0-1

[Event "III Open"]
[Site "Crema ITA"]
[Date "2001.09.09"]
[Round "6"]
[White "Poretti, Ennio"]
[Black "Malfagia, Andrea"]
[Result "0-1"]
[WhiteElo "1671"]
[BlackElo "2259"]
[PlyCount "76"]
[EventDate "2001.09.07"]

1. e4 d5 2. exd5 Qxd5 3. Nc3 Qa5 4. d4 Nf6 5. Bd2 c6 6. Bc4 Bf5 7. Nd5 Qd8 8.
Nxf6+ gxf6 9. Nf3 Nd7 10. Nh4 Bg6 11. Nxg6 hxg6 12. Qe2 Nb6 13. Bb3 Qxd4 14.
Bc3 Qf4 15. Rd1 Rxh2 16. Rg1 e5 17. Bd2 Qh4 18. Be3 Rh1 19. Kf1 Qh2 20. f3
Qxg1+ 21. Bxg1 Bc5 22. Qd3 Rxg1+ 23. Ke2 Rxg2+ 24. Kf1 Rg1+ 25. Ke2 Rg2+ 26.
Kf1 Rf2+ 27. Ke1 Rh2 28. f4 Kf8 29. Qc3 Bd4 30. Rxd4 exd4 31. Qc5+ Kg7 32. Qe7
Nd5 33. Bxd5 cxd5 34. Qd7 Rxc2 35. Qxd5 Rh8 36. Kd1 Rxb2 37. Kc1 Rf2 38. Qxb7
Rhh2 0-1

[Event "III Open"]
[Site "Crema ITA"]
[Date "2001.09.09"]
[Round "6"]
[White "Sartorio, Diego"]
[Black "Saccani, Ettore"]
[Result "1/2-1/2"]
[WhiteElo "1721"]
[BlackElo "1540"]
[PlyCount "41"]
[EventDate "2001.09.07"]

1. e4 e6 2. d4 d5 3. Nd2 Nf6 4. e5 Nfd7 5. Bd3 b6 6. Ngf3 Ba6 7. Bxa6 Nxa6 8.
c3 c5 9. Qe2 Nc7 10. O-O Be7 11. Re1 O-O 12. Nf1 a6 13. Bd2 Nb5 14. a4 Nc7 15.
c4 dxc4 16. dxc5 Nxc5 17. Qxc4 Rc8 18. Ra3 Nd5 19. Qg4 Kh8 20. Ng3 a5 21. Nd4
1/2-1/2

[Event "III Open"]
[Site "Crema ITA"]
[Date "2001.09.09"]
[Round "6"]
[White "Schingaro, Angelo"]
[Black "Massa, Salvenrico"]
[Result "0-1"]
[WhiteElo "1573"]
[BlackElo "1840"]
[PlyCount "52"]
[EventDate "2001.09.07"]

1. Nf3 Nf6 2. g3 d5 3. Bg2 h6 4. d4 Bf5 5. c4 c6 6. cxd5 cxd5 7. Nc3 e6 8. Ne5
Nbd7 9. Qa4 a6 10. Nxd7 Nxd7 11. Bd2 b5 12. Qd1 Be7 13. Rc1 Rc8 14. O-O O-O 15.
Re1 Nf6 16. e3 Qb6 17. Qe2 Rc4 18. b3 Rcc8 19. a4 Ba3 20. axb5 Bxc1 21. Rxc1
axb5 22. Nxb5 Rxc1+ 23. Bxc1 Rc8 24. Ba3 Rc2 25. Bc5 Rxe2 26. Bxb6 Re1+ 0-1

[Event "III Open"]
[Site "Crema ITA"]
[Date "2001.09.09"]
[Round "6"]
[White "Volpati, Antonio"]
[Black "Santandrea, Marco"]
[Result "0-1"]
[WhiteElo "1419"]
[BlackElo "1555"]
[PlyCount "84"]
[EventDate "2001.09.07"]

1. e4 c6 2. Nf3 d5 3. exd5 cxd5 4. d4 Nc6 5. h3 Nf6 6. Bb5 Bd7 7. O-O e6 8. c3
Rc8 9. Bg5 Be7 10. Nbd2 O-O 11. Rc1 a6 12. Ba4 Na5 13. Ne5 Bxa4 14. Qxa4 b5 15.
Qd1 Nd7 16. Bxe7 Qxe7 17. f4 f5 18. Rf3 Nxe5 19. fxe5 g6 20. Qe2 Nc4 21. Nxc4
bxc4 22. Rc2 a5 23. Qf2 a4 24. a3 Kf7 25. g4 Qg5 26. Qg3 Ke7 27. gxf5 Qxg3+ 28.
Rxg3 Rxf5 29. Rf2 Rxf2 30. Kxf2 Rb8 31. Rg2 Rxb2+ 32. Kf3 Rb3 33. Kg4 Rxc3 34.
Rb2 Rb3 35. Ra2 h5+ 36. Kh4 Rd3 37. Rb2 Rxd4+ 38. Kg5 c3 39. Rb7+ Kd8 40. Kf6
c2 41. Kxe6 c1=Q 42. Kd6 Qxa3+ 0-1

[Event "XLIII Festival A"]
[Site "Imperia ITA"]
[Date "2001.09.02"]
[Round "1"]
[White "Jurek, Josef"]
[Black "Alberton, Roberto"]
[WhiteElo "2329"]
[BlackElo "2132"]
[Result "1-0"]
[PlyCount "34"]
[EventDate "2001.09.02"]

1. Nf3 Nf6 2. c4 e6 3. g3 d5 4. Bg2 c6 5. O-O Nbd7 6. d4 Bd6 7. Qc2 O-O 8. Nc3
Re8 9. Rd1 Qe7 10. b3 b6 11. e4 dxe4 12. Ng5 Bb7 13. Ngxe4 Ba3 14. Bxa3 Qxa3
15. c5 bxc5 16. dxc5 Nxc5 17. Nb1 Qb4 1-0

[Event "XLIII Festival A"]
[Site "Imperia ITA"]
[Date "2001.09.02"]
[Round "1"]
[White "Maksimovic, Suzana"]
[Black "Faraci, Antonino"]
[WhiteElo "2294"]
[BlackElo "2115"]
[Result "1-0"]
[PlyCount "41"]
[EventDate "2001.09.02"]

1. d4 Nf6 2. c4 g6 3. Nc3 Bg7 4. e4 d6 5. Bd3 O-O 6. Nge2 Nbd7 7. Bc2 c5 8. d5
a6 9. a4 Rb8 10. O-O Ne8 11. Rb1 Nc7 12. b4 cxb4 13. Rxb4 Ne8 14. Be3 Qc7 15.
Bb3 Ne5 16. Bb6 Qd7 17. a5 f5 18. Ba4 Nc6 19. dxc6 bxc6 20. Nd5 Kh8 21. Nd4 1-0

[Event "XLIII Festival A"]
[Site "Imperia ITA"]
[Date "2001.09.02"]
[Round "1"]
[White "Payen, Arnaud"]
[Black "Barberi, Alessandro"]
[WhiteElo "2353"]
[BlackElo "2140"]
[Result "1-0"]
[PlyCount "91"]
[EventDate "2001.09.02"]

1. d4 g6 2. e4 Bg7 3. Nc3 c6 4. h3 d6 5. a4 Nd7 6. Nge2 e5 7. Be3 Ne7 8. g3 O-O
9. Bg2 Nb6 10. b3 a5 11. dxe5 Bxe5 12. f4 Bg7 13. Qd2 Be6 14. Rd1 d5 15. O-O
Qc7 16. Nd4 dxe4 17. Nxe6 fxe6 18. Nxe4 Rfd8 19. Qe2 Nbd5 20. Bf2 Nf5 21. c4
Re8 22. Rd2 Nc3 23. Nxc3 Bxc3 24. Rd3 Bf6 25. Rfd1 Rad8 26. Rxd8 Bxd8 27. g4
Ng7 28. Qe5 Qf7 29. Bd4 Bh4 30. Bc3 Bg3 31. Qxg7+ Qxg7 32. Bxg7 Kxg7 33. Rd7+
Kg8 34. Rxb7 Bxf4 35. Bxc6 Rd8 36. Bd7 e5 37. Kf2 Kf7 38. c5 Ke7 39. c6 Rf8 40.
Bf5+ Kd6 41. Be4 Kc5 42. Rd7 Rc8 43. Rxh7 g5 44. Kf3 Kd6 45. Rd7+ Kc5 46. Ke2
1-0

[Event "XLIII Festival A"]
[Site "Imperia ITA"]
[Date "2001.09.02"]
[Round "1"]
[White "Popa, Claudiu"]
[Black "Stoppa, Omar"]
[WhiteElo "2057"]
[BlackElo "2218"]
[Result "0-1"]
[PlyCount "62"]
[EventDate "2001.09.02"]

1. e4 e6 2. d4 d5 3. Nd2 Nf6 4. e5 Nfd7 5. Bd3 c5 6. c3 Nc6 7. Ne2 Qb6 8. Nf3
Be7 9. O-O O-O 10. a3 a5 11. Bc2 f6 12. exf6 Nxf6 13. Ng3 cxd4 14. cxd4 Bd6 15.
Re1 Bd7 16. Qd3 Qa6 17. Qd2 Rae8 18. Qg5 Qc4 19. Nh5 Nxh5 20. Bxh7+ Kxh7 21.
Qxh5+ Kg8 22. Ng5 Qc2 23. Bd2 Qf5 24. Qh4 Be7 25. g4 Bxg5 26. Bxg5 Qg6 27. Re3
Nxd4 28. f4 Qc2 29. Rh3 Ne2+ 30. Kh1 Nxf4 31. Qh8+ Kf7 0-1

[Event "XLIII Festival A"]
[Site "Imperia ITA"]
[Date "2001.09.02"]
[Round "1"]
[White "Raineri, Valerio"]
[Black "Chatalbashev, Boris"]
[WhiteElo "2167"]
[BlackElo "2496"]
[Result "0-1"]
[PlyCount "55"]
[EventDate "2001.09.02"]

1. e4 g6 2. d4 Bg7 3. Nc3 c6 4. Be3 d5 5. f3 b6 6. Qd2 Ba6 7. O-O-O e6 8. Nh3
h6 9. Nf4 Ne7 10. Be2 Bxe2 11. Qxe2 Nd7 12. Rhe1 O-O 13. h4 b5 14. Qd2 Nb6 15.
Kb1 Nc4 16. Qd3 Qa5 17. Bc1 b4 18. Nce2 Rab8 19. g4 Rfc8 20. exd5 cxd5 21. Ka1
Rc6 22. Qb3 Qb5 23. Nd3 Na5 24. Qxb4 Qxb4 25. Nxb4 Rxb4 26. Bd2 Rb5 27. Nc3 Rb8
28. Nxd5 0-1

[Event "XLIII Festival A"]
[Site "Imperia ITA"]
[Date "2001.09.03"]
[Round "2"]
[White "Abolianin, Arthur"]
[Black "De Palma, Diego"]
[WhiteElo "2385"]
[BlackElo "2150"]
[Result "1-0"]
[PlyCount "105"]
[EventDate "2001.09.02"]

1. e4 c5 2. d3 Nc6 3. g3 g6 4. Bg2 Bg7 5. Ne2 d6 6. h3 e6 7. O-O Nge7 8. f4 O-O
9. c3 Rb8 10. Be3 f5 11. Nd2 b6 12. Qc2 Kh8 13. Rad1 Ba6 14. Rfe1 Qd7 15. Nf3
Rbc8 16. d4 fxe4 17. Qxe4 d5 18. Qc2 Nf5 19. Bf2 Bxe2 20. Qxe2 cxd4 21. cxd4
Rfe8 22. g4 Nd6 23. Ne5 Nxe5 24. dxe5 Nc4 25. f5 gxf5 26. gxf5 Nxe5 27. f6 Bxf6
28. Bd4 Qg7 29. Bxe5 Bxe5 30. Qxe5 Qxe5 31. Rxe5 Rc2 32. Rde1 Rxb2 33. R5e2
Rxe2 34. Rxe2 Kg7 35. Bxd5 Kf6 36. Bc4 Re7 37. Kf2 e5 38. Ke3 Rc7 39. Rf2+ Kg6
40. Be6 b5 41. Ke4 a5 42. Kxe5 Rc5+ 43. Bd5 Rc3 44. Rg2+ Kh6 45. Rg8 b4 46. Ra8
Ra3 47. Ra7 Kg5 48. Rxh7 Re3+ 49. Kd6 a4 50. h4+ Kg6 51. Rb7 b3 52. Bxb3 axb3
53. axb3 1-0

[Event "XLIII Festival A"]
[Site "Imperia ITA"]
[Date "2001.09.03"]
[Round "2"]
[White "Astengo, Marcello"]
[Black "Egartner, Wolfgang"]
[WhiteElo "2005"]
[BlackElo "2178"]
[Result "1-0"]
[PlyCount "63"]
[EventDate "2001.09.02"]

1. d4 d5 2. Nf3 c6 3. Bf4 Qb6 4. Qc1 Bg4 5. Ne5 Bf5 6. e3 f6 7. Nf3 g5 8. Bg3
h5 9. h3 e6 10. Nbd2 Nd7 11. Be2 Kf7 12. c3 Ne7 13. e4 Bxe4 14. Nxe4 dxe4 15.
Nd2 Nf5 16. Nxe4 c5 17. O-O cxd4 18. cxd4 Nxd4 19. Bc4 h4 20. Bh2 Be7 21. Qd2
Rad8 22. Kh1 Nc5 23. Nxc5 Bxc5 24. f4 Nf5 25. Qe2 g4 26. Qe4 Ng3+ 27. Bxg3 hxg3
28. Rad1 gxh3 29. Rxd8 hxg2+ 30. Kxg2 Qxd8 31. Qxe6+ Kg6 32. Qg4+ 1-0

[Event "XLIII Festival A"]
[Site "Imperia ITA"]
[Date "2001.09.03"]
[Round "2"]
[White "Bianchi, Alberto"]
[Black "Payen, Arnaud"]
[WhiteElo "2034"]
[BlackElo "2353"]
[Result "0-1"]
[PlyCount "98"]
[EventDate "2001.09.02"]

1. e4 c5 2. Nc3 Nc6 3. g3 g6 4. Bg2 Bg7 5. d3 d6 6. Be3 Rb8 7. Qd2 b5 8. Nge2
b4 9. Nd1 Qb6 10. O-O a5 11. f4 Bg4 12. Bf3 Nf6 13. Kg2 Bxf3+ 14. Rxf3 O-O 15.
h3 Qb7 16. Kh2 Nd7 17. Rf1 Rbc8 18. f5 Nd4 19. c3 Nxe2 20. Qxe2 c4 21. Bd4 cxd3
22. Qxd3 bxc3 23. Bxg7 Kxg7 24. bxc3 Ne5 25. f6+ exf6 26. Qxd6 Rc6 27. Qd2 Rfc8
28. Ne3 Nc4 29. Nxc4 Rxc4 30. Qf4 R8c6 31. Rae1 Qb2+ 32. Rf2 Qxc3 33. Re3 Qa1
34. g4 Ra4 35. g5 Rxa2 36. Ref3 Rxf2+ 37. Rxf2 Qe5 38. gxf6+ Qxf6 39. Qxf6+
Rxf6 40. Ra2 Ra6 41. Ra4 Kf6 42. Kg3 Ke5 43. Kf3 Kd6 44. Ke3 Kc5 45. e5 Kb5 46.
Rf4 Ra7 47. Kd3 a4 48. Rf1 a3 49. Rb1+ Ka4 0-1

[Event "XLIII Festival A"]
[Site "Imperia ITA"]
[Date "2001.09.03"]
[Round "2"]
[White "Biolek, Richard sr"]
[Black "Krouzel, Jaroslav"]
[WhiteElo "2434"]
[BlackElo "2215"]
[Result "1-0"]
[PlyCount "79"]
[EventDate "2001.09.02"]

1. e4 e6 2. d4 d5 3. Nd2 Nc6 4. Ngf3 Nf6 5. e5 Nd7 6. Nb3 Be7 7. c3 a5 8. Bf4
b6 9. a4 Ncb8 10. Nc1 Ba6 11. Bd3 Bxd3 12. Nxd3 c5 13. h4 h6 14. h5 Nc6 15. Rh3
cxd4 16. cxd4 Rc8 17. Rg3 Bf8 18. Rc1 Ndb8 19. Qb3 Nb4 20. Nxb4 Bxb4+ 21. Kd1
Kf8 22. Qd3 Rxc1+ 23. Bxc1 Qd7 24. b3 Qc8 25. Bd2 Bxd2 26. Kxd2 Kg8 27. Ne1 Qd8
28. Rg4 Nc6 29. Nc2 Ne7 30. Ne3 Nc6 31. f4 Qe7 32. f5 Rh7 33. fxe6 fxe6 34. Rf4
Qg5 35. Qf1 Qe7 36. Qa6 Qc7 37. Qa8+ Nb8 38. Nxd5 Qd8 39. Ne7+ Kh8 40. Ng6+ 1-0

[Event "XLIII Festival A"]
[Site "Imperia ITA"]
[Date "2001.09.03"]
[Round "2"]
[White "Chatalbashev, Boris"]
[Black "Voltolini, Giuseppe"]
[WhiteElo "2496"]
[BlackElo "2266"]
[Result "1-0"]
[PlyCount "95"]
[EventDate "2001.09.02"]

1. d4 Nf6 2. Nf3 c5 3. d5 g6 4. Nc3 Bg7 5. e4 d6 6. Be2 O-O 7. O-O e5 8. Bg5 h6
9. Bh4 a6 10. a4 Bg4 11. Nd2 Bxe2 12. Qxe2 Nbd7 13. Nc4 Qe7 14. a5 Rab8 15.
Rab1 Rfc8 16. Na4 Qf8 17. b4 cxb4 18. Rxb4 Nc5 19. Bxf6 Bxf6 20. Ncb6 Nxa4 21.
Rxa4 Rc7 22. Rc4 Qd8 23. Rb1 Bg5 24. g3 h5 25. h4 Bh6 26. Kg2 Qe7 27. Rbb4 Rf8
28. Rxc7 Qxc7 29. Rc4 Qe7 30. Qf3 f5 31. exf5 Rxf5 32. Rc8+ Kh7 33. Qe4 Rf7 34.
f3 Bd2 35. c3 Bc1 36. Nc4 Qd7 37. Rb8 Bh6 38. Ra8 Bf8 39. Qb1 Bh6 40. Nb6 Qe7
41. Qd3 Bc1 42. c4 Kg7 43. c5 g5 44. cxd6 Qxd6 45. Rc8 Bb2 46. hxg5 Bd4 47. f4
Qb4 48. f5 1-0

[Event "XLIII Festival A"]
[Site "Imperia ITA"]
[Date "2001.09.03"]
[Round "2"]
[White "Faraci, Antonino"]
[Black "Adinolfi, Vincenzo"]
[WhiteElo "2115"]
[BlackElo "2130"]
[Result "1/2-1/2"]
[PlyCount "95"]
[EventDate "2001.09.02"]

1. e4 c5 2. Nf3 Nc6 3. c3 d6 4. d4 Nf6 5. Bd3 e5 6. d5 Ne7 7. h3 h6 8. c4 g5 9.
Nc3 Ng6 10. Ne2 Nh5 11. g4 Nhf4 12. Nxf4 exf4 13. Qc2 Bg7 14. Bd2 Qe7 15. Bc3
Bxc3+ 16. Qxc3 f6 17. O-O-O Bd7 18. Rde1 O-O-O 19. Nd2 Ne5 20. f3 h5 21. Be2
Rh7 22. Kb1 Rdh8 23. Rhg1 hxg4 24. hxg4 Rh2 25. Ka1 Rf2 26. Rgf1 Rxf1 27. Nxf1
b6 28. b4 cxb4 29. Qxb4 Rh1 30. a4 Be8 31. a5 Qc7 32. axb6 axb6 33. Rb1 Qc5 34.
Qxc5+ bxc5 35. Re1 Bd7 36. Rb1 Rh3 37. Nd2 Rh2 38. Re1 Nd3 39. Nf1 Nxe1 40.
Nxh2 Nc2+ 41. Kb2 Ne3 42. Nf1 Nxf1 43. Bxf1 Ba4 44. Be2 Kc7 45. Ka3 Bd7 46. Bd1
Kb6 47. Bc2 Ka5 48. Bd1 1/2-1/2